Małopolskie - prawda czy fałsz? - Statystyki

Ogólne statystyki
  • Ten quiz został rozwiązany 119 razy
  • Średni wynik to 11 z 15
Statystyki odpowiedzi
Zagadnienie Odpowiedź % Poprawnych
Posiada Wieliczkę i Bochnię Prawda
93%
Znajdują się tu Niedźwiedzie brunatne Prawda
93%
Nie posiada Parku Narodowego Fałsz
86%
Tablice rejestracyjne w małopolskim zaczynają się na W Fałsz
86%
Znajdują się tu Tatry Prawda
86%
Przeniesiono zwłoki Jana Pawła II do województwa małopolskiego Fałsz
79%
Posiada najwięcej obiektów wpisanych na listę światowego dziedzictwa Unesco z województw Prawda
79%
Znajduje się tutaj Wisła Prawda
79%
Graniczy z dwoma państwami Fałsz
64%
Posiada mniej niż 20 powiatów Fałsz
64%
Urodził się tutaj Robert Kubica Prawda
64%
Aktualnie w Ekstraklasie jest tylko Cracovia z województwa Fałsz
57%
Krzysztof Klęczar jest wojewodą małopolskiego Prawda
57%
Powiat nowosądecki posiada największą powierzchnie z powiatów w tym województwie Prawda
50%
Województwo Małopolskie jest większe od województwa Łódzkiego Fałsz
21%
Nie znaleziono quizów pasujących do podanych kryteriów
Rozkład punktacji
Procent ludzi z każdym wynikiem
Percentyl według liczby udzielonych odpowiedzi
Twoja historia wyników
Nie rozwiązałeś tego quizu